<?xml version="1.0" encoding="UTF-8"?>
<collection xmlns="http://www.loc.gov/MARC21/slim">
 <record>
  <leader>01514nam a2200253 a 4500</leader>
  <controlfield tag="001">1/48541</controlfield>
  <controlfield tag="008">190327s2001    gr abh        00010 gre  </controlfield>
  <datafield tag="020" ind1=" " ind2=" ">
   <subfield code="a">960244066X</subfield>
  </datafield>
  <datafield tag="035" ind1=" " ind2=" ">
   <subfield code="l">51538</subfield>
  </datafield>
  <datafield tag="040" ind1=" " ind2=" ">
   <subfield code="a">GR-PeUP</subfield>
  </datafield>
  <datafield tag="082" ind1="0" ind2="0">
   <subfield code="a">553.63 ΕΛΛ</subfield>
  </datafield>
  <datafield tag="111" ind1="1" ind2=" ">
   <subfield code="a">Τριήμερο εργασίας</subfield>
   <subfield code="n">(8o :</subfield>
   <subfield code="d">1998 :</subfield>
   <subfield code="c">Μυτιλήνη)</subfield>
  </datafield>
  <datafield tag="245" ind1="1" ind2="0">
   <subfield code="a">Το ελληνικό αλάτι :</subfield>
   <subfield code="b">Η' τριήμερο εργασίας, Μυτιλήνη, 6-8 Νοεμβρίου 1998</subfield>
   <subfield code="c">Υπουργείο Αιγαίου, Πολιτιστικό Τεχνολογικό Ίδρυμα ΕΤΒΑ.</subfield>
  </datafield>
  <datafield tag="260" ind1="0" ind2=" ">
   <subfield code="a">Αθήνα :</subfield>
   <subfield code="b">Πολιτιστικό Τεχνολογικό Ίδρυμα ΕΤΒΑ,</subfield>
   <subfield code="c">c2001.</subfield>
  </datafield>
  <datafield tag="300" ind1=" " ind2=" ">
   <subfield code="a">447 σ. :</subfield>
   <subfield code="b">εικ., χάρτες, πανομ. ;</subfield>
   <subfield code="c">24 εκ.</subfield>
  </datafield>
  <datafield tag="500" ind1=" " ind2=" ">
   <subfield code="a">Περιέχει περιλήψεις.</subfield>
  </datafield>
  <datafield tag="504" ind1=" " ind2=" ">
   <subfield code="a">Περιέχει βιβλιογραφικές αναφορές.</subfield>
  </datafield>
  <datafield tag="650" ind1=" " ind2="4">
   <subfield code="a">Αλάτι</subfield>
   <subfield code="x">Βιομηχανία και εμπόριο</subfield>
   <subfield code="z">Ελλάδα</subfield>
   <subfield code="x">Συνέδρια.</subfield>
  </datafield>
  <datafield tag="650" ind1=" " ind2="4">
   <subfield code="a">Αλυκές</subfield>
   <subfield code="x">Περιβαλλοντικές απόψεις</subfield>
   <subfield code="z">Ελλάδα</subfield>
   <subfield code="x">Συνέδρια.</subfield>
  </datafield>
  <datafield tag="650" ind1=" " ind2="4">
   <subfield code="a">Salt industry and trade</subfield>
   <subfield code="z">Greece</subfield>
   <subfield code="x">Congresses.</subfield>
  </datafield>
  <datafield tag="650" ind1=" " ind2="4">
   <subfield code="a">Salt marshes</subfield>
   <subfield code="x">Environmental aspects</subfield>
   <subfield code="z">Greece</subfield>
   <subfield code="x">Congresses.</subfield>
  </datafield>
  <datafield tag="710" ind1="1" ind2=" ">
   <subfield code="a">Πολιτιστικό Τεχνολογικό Ίδρυμα ΕΤΒΑ.</subfield>
  </datafield>
  <datafield tag="710" ind1="2" ind2=" ">
   <subfield code="a">Ελλάδα. Υπουργείο Αιγαίου.</subfield>
  </datafield>
  <datafield tag="852" ind1=" " ind2=" ">
   <subfield code="a">INST</subfield>
   <subfield code="b">UNIPILB</subfield>
   <subfield code="c">MAIN</subfield>
   <subfield code="e">20190327</subfield>
   <subfield code="h">553.63 ΕΛΛ</subfield>
   <subfield code="p">00174049</subfield>
   <subfield code="q">00174049</subfield>
   <subfield code="t">LOAN</subfield>
   <subfield code="y">0</subfield>
   <subfield code="4">1</subfield>
  </datafield>
 </record>
</collection>
